Maintenance and repair of buildings, and their internal environment (Record no. 82323)

MARC details
000 -LEADER
fixed length control field 00718nam a2200169 a 4500
008 - FIXED-LENGTH DATA ELEMENTS--GENERAL INFORMATION
fixed length control field 120416s0000 ||||||||||||||||| || u
020 ## - INTERNATIONAL STANDARD BOOK NUMBER
International Standard Book Number 0408003723
050 ## - LIBRARY OF CONGRESS CALL NUMBER
Classification number TH 3301 Hut
100 ## - MAIN ENTRY--PERSONAL NAME
Personal name Hutchinson, B. D
245 10 - TITLE STATEMENT
Title Maintenance and repair of buildings, and their internal environment
260 ## - PUBLICATION, DISTRIBUTION, ETC.
Place of publication, distribution, etc. London
Name of publisher, distributor, etc. Butterworths
Date of publication, distribution, etc. 1981
300 ## - PHYSICAL DESCRIPTION
Extent v, 361p. : ill.
350 ## -
-- 0.00
700 ## - ADDED ENTRY--PERSONAL NAME
Personal name Ellis, N
995 ## -
-- MAIN LIBRARY OPEN ACCESS
-- 0.00
-- 709255
-- CBU-MAIN LIBRARY (Kitwe)
-- 2
-- 17.20
-- TH 3301 Hut
-- 1
-- AVAILABLE
-- 015379
-- Main Library Open Access Collection
995 ## -
-- BINDERY (DAMAGED)
-- 0.00
-- 709254
-- CBU-MAIN LIBRARY (Kitwe)
-- 1
-- 17.20
-- TH 3301 HUT
-- 2
-- DAMAGED
-- 020531
-- Main Library Open Access Collection
999 ## -
-- 82323
-- 82323
Holdings
Withdrawn status Lost status Source of classification or shelving scheme Damaged status Not for loan Permanent Location Current Location Shelving location Date acquired Total Checkouts Full call number Barcode Date last seen Copy number Price effective from Koha item type
          CBU-MAIN LIBRARY, KITWE. CBU-MAIN LIBRARY, KITWE.   09/27/2023   TH 3301 Hut 015379 09/27/2023 1 09/27/2023 MONOGRAPH
          CBU-MAIN LIBRARY, KITWE. CBU-MAIN LIBRARY, KITWE.   09/27/2023   TH 3301 Hut 020531 09/27/2023 2 09/27/2023 MONOGRAPH